00349nam a2200133 a 45000010010000000030011000100080041000210350026000620820016000881000016001042450044001202600033001646500018001970000-8971ELIB.Books110520 1961  a(ELIB.Books)0000-9120 a616.8 bBer aBerne, Eric aTransactional Analysis in Psychotherapy bNew York: Grove Press c1961 aPsychotherapy